000 nam a22 7a 4500
999 _c7403
_d7403
008 170828b xxu||||| |||| 00| 0 eng d
100 _93937
_aGoyal
245 _aCanvas Drawing and Colouring
260 _aNew Delhi
_bGoyal Brothers